Science Quiz

Random Science or Animal Quiz

Baby Animals Playing Quiz Stats

 Plays Quiz Updated Jul 12, 2018

Challenge
Share
Tweet
Score 0/30 Timer 08:00
0 Plays Today
% Correct
Goats
97.8%
Chimpanzee
97.3%
African Elephant
95.9%
Malaysian Tiger
95.8%
Grey Kangaroo
95.6%
Horse
93.8%
Llama
93.7%
Giant Panda
93.4%
Zebra
93.1%
Grizzly Bear
92.3%
Pig
92%
Red Fox
91.9%
Lion
91.8%
Snow Leopard
91.1%
Dog
91%
% Correct
Polar Bear
90.6%
Cattle
90.1%
Mountain Gorilla
90%
Sheep
89.3%
Squirrel
88.1%
Cheetah
85.6%
Orangutan
81.5%
Canada Goose
81.2%
Elk
70.2%
Jaguar
64%
Ethiopian Wolf
62.6%
Olive Baboon
54.7%
Prairie Dog
47.7%
American Bison
41.5%
Wolverine
30.3%

You're not logged in!

Compare scores with friends on all Sporcle quizzes.
Join for Free
OR
Log In

You Might Also Like...

Show Comments

Extras

Top Quizzes Today


Score Distribution

Your Account Isn't Verified!

In order to create a playlist on Sporcle, you need to verify the email address you used during registration. Go to your Sporcle Settings to finish the process.

Report this User

Report this user for behavior that violates our Community Guidelines.

Details: